ბათუმის შოთა რუსთაველის სახელმწიფო უნივერსიტეტის ბიბლიოთეკა

აგროქიმიური ანალიზის რენტგენორადიომეტრული მეთოდი. (ბიბ.ჩანაწერი № 44620)

000 -LEADER
fixed length control field 00911nam a2200229Ia 4500
001 - CONTROL NUMBER
control field 11423
003 - CONTROL NUMBER IDENTIFIER
control field GE_BSU
008 - FIXED-LENGTH DATA ELEMENTS--GENERAL INFORMATION
fixed length control field 181216s||||||||xx |||||||||||||| ||und||
040 ## - CATALOGING SOURCE
Transcribing agency GE_BSU
080 ## - UNIVERSAL DECIMAL CLASSIFICATION NUMBER
Universal Decimal Classification number 631.8
100 ## - MAIN ENTRY--PERSONAL NAME
Personal name დანელია,გოჩა;ნანა ჩიტიშვილი.
245 ## - TITLE STATEMENT
Title აგროქიმიური ანალიზის რენტგენორადიომეტრული მეთოდი.
245 ## - TITLE STATEMENT
Statement of responsibility, etc. რედ:ო.ცინცაძე.
260 ## - PUBLICATION, DISTRIBUTION, ETC.
Place of publication, distribution, etc. თბილისი.
260 ## - PUBLICATION, DISTRIBUTION, ETC.
Name of publisher, distributor, etc. საბჭოთა საქართველო.
260 ## - PUBLICATION, DISTRIBUTION, ETC.
Date of publication, distribution, etc. 1982.
300 ## - PHYSICAL DESCRIPTION
Extent 97გვ;20სმ.
300 ## - PHYSICAL DESCRIPTION
Accompanying material ილ;ცხრ.
653 ## - INDEX TERM--UNCONTROLLED
Uncontrolled term აგროქიმია
653 ## - INDEX TERM--UNCONTROLLED
Uncontrolled term აგროქიმიური ანალიზის რენტგენორადიომეტრული მეთოდი.
942 ## - ADDED ENTRY ELEMENTS (KOHA)
Koha item type წიგნი
ეგზემპლარები
Withdrawn status Lost status Damaged status Not for loan Date acquired Barcode Date last seen Price effective from Koha item type
        2018-12-17 20307 2018-12-17 2018-12-17 წიგნი